| 000 | 00414cam a2200169ua 4500 | ||
|---|---|---|---|
| 020 | _c9.00 | ||
| 041 |
_amal _h |
||
| 082 |
_a894.8121 _bKPS/KA |
||
| 100 | _aMenon, K P S . | ||
| 245 |
_aKathakaliyatta prakaram / _cK P S Menon. _hTextual Documents |
||
| 260 |
_aNewdelhi : _bSangeeth nataka academy , _c1966. |
||
| 300 | _a522 ; . | ||
| 365 | _a9.00 | ||
| 504 | _a | ||
| 942 | _cBK | ||
| 999 |
_c6036 _d6036 |
||